Matemáticas III: (Registro nro. 29144)

Detalles MARC
000 -LÍDER
fixed length control field 00606nam a22002177a 4500
003 - IDENTIFICADOR DEL NÚMERO DE CONTROL
control field ITZ
005 - FECHA Y HORA DE LA ULTIMA TRANSACCIÓN
Campo de control 20230919184948.0
008 - ELEMENTOS DE LONGITUD FIJA -- INFORMACIÓN GENERAL
fixed length control field 230919b |||||||| |||| 00| 0 spa d
020 ## - NÚMERO INTERNACIONAL NORMALIZADO PARA LIBROS
ISBN 978-607-526-651-0
035 ## - Número de ficha (Janium)
Número de ficha (Janium) 17527
041 ## - CÓDIGO DE IDIOMA
Código de idioma para texto/pista de sonido o título separado spa
050 ## - SIGNATURA TOPOGRAFICA DE LA BIBLIOTECA DEL CONGRESO (LC)
Número de Clasificación QA303
Cutter L3718 2018
082 ## - NUMERO DE CLASIFICACION DECIMAL DEWEY
Número de Clasificación 515.15
Cutter L134m 2018
100 1# - ASIENTO PRINCIPAL--NOMBRE PERSONAL
Nombre personal Larson, Ron
245 ## - TÍTULO
Título Matemáticas III:
Parte restante del título Cálculo de varias variabless
Mención de responsabilidad, etc. Ron Larson
250 ## - MENCIÓN DE EDICIÓN
Mención de edición 1
260 ## - PUBLICACIÓN, DISTRIBUCIÓN, ETC. (PIE DE IMPRENTA)
Lugar de publicación, distribución, etc. México
Nombre del editor, distribuidor, etc. Cengage Learning
Fecha de publicación, distribución, etc. 2018
300 ## - DESCRIPCIÓN FÍSICA
Extensión ix, 354 p., il. /
Dimensiones 27 cm.
650 ## - ASIENTO SECUNDARIO DE MATERIA - TERMINO TEMÁTICO
Término temático o nombre geográfico como elemento de entrada 1. CALCULO / 2. CALCULO - VARIAS VARIABLES / 3. VECTORIALES
942 ## - TIPO DE MATERIAL (KOHA)
Koha item type Libros
Existencias
No. biblioteca No. biblioteca Número de clasificación Código de barras/Número de adquisición Número de copia Tipo de material Otras carreras
ÁREA DE BÁSICAS ÁREA DE BIOQUÍMICA 515.15 L134m 2018 54156 1 Libros ÁREA DE CIVIL
ÁREA DE BÁSICAS ÁREA DE BIOQUÍMICA 515.15 L134m 2018 54157 2 Libros ÁREA DE CIVIL
ÁREA DE BÁSICAS ÁREA DE BIOQUÍMICA 515.15 L134m 2018 54158 3 Libros ÁREA DE CIVIL
ÁREA DE BÁSICAS ÁREA DE BIOQUÍMICA 515.15 L134m 2018 54159 4 Libros ÁREA DE CIVIL
Calzada Tecnológico # 27, Zacatepec, Morelos.
01(734) 343-07-23 / 343-21-10 / 343-21-11
Apdo. Postal 45 C.P 62780